000 03617nab a2200325 i 4500
003 BR-BrBNA
005 20240319141352.0
008 240319b2019 bl.qr|pooa||| 00| 0 por |
040 _aBR-BrBNA
_bpor
072 _aK10
_b3103
072 _aU40
_b3140
100 _aDebastiani, Aline Bernarda
100 _aMartins, Luciellen Pereira
100 _aSantos, Kênia Samara Mourão
100 _aCorte, Ana Paula Dalla
100 _aPellico Netto, Sylvio
100 _aSanquetta, Carlos Roberto
245 _aDistribuição do diâmetro de copa e diâmetro quadrático de Araucaria angustifolia e Pinus taeda
500 _aPublicação on-line; 24 ref.; 4 tables; 2 illus.; Summaries (En, Pt)
520 _a Resumo As funções de densidade de probabilidade têm várias aplicações florestais, entre as quais o tratamento de dados biométricos e uso em modelagem. O objetivo deste estudo foi verificar qual função densidade de probabilidade melhor se ajusta ao diâmetro de copa (dcopa) e ao diâmetro quadrático (dq), e também analisar o efeito dessas variáveis na estrutura da floresta. O estudo foi realizado com uma base de dados de Araucaria angustifolia provenientes de um fragmento florestal, e também com dados de Pinus taedade um plantio florestal, ambos oriundos do estado do Paraná. Para as respectivas áreas de estudo foram delimitadas as copas das árvores com suporte de ortofotos digitais. As funções avaliadas foram: Normal, Log-normal 2P, Beta, Gama, Weibull 3P e Weber. A função que melhor se ajustou à variável dq para ambas as espécies foi a Normal. Já para a variável dcopa, a função de Weibull 3P foi a que apresentou melhor aderência para o fragmento de araucária e a função de Weber para o plantio florestal de pinus. Palavras-chave: Ortofotos; Mensuração Florestal; Estrutura florestal
520 _a Abstract The probability density functions have several forest applications, among which biometric data processing and modeling use. The objective of this study was to verify which probability density function best fits the cup diameter (dcopa) and the quadratic diameter (dq), and also to analyze the effect of these variables on the forest structure. The study was carried out with a database of Araucaria angustifolia from a forest fragment, and also with Pinus taeda data from a forest plantation, both from the state of Paraná. For the respective study areas, the crowns of the trees with digital orthophoto support were delimited. The evaluated functions were: Normal, Log-normal 2P, Beta, Gama, Weibull 3P and Weber. The function that best fit the variable dq for both species was Normal. For the variable dcopa, the function of Weibull 3P was the one that presented better adhesion to the Araucaria fragment and the Weber function for the Pinus forest plantation. Keywords: Orthophotos; Forest measurement; Pinus; Forest structure
650 _aFLORESTA
650 _aESTRUTURA VEGETAL
650 _aFOTOGRAFIA
650 _aDIÂMETRO
773 0 _04065
_9313811
_dSanta Maria-RS Universidade Federal de Santa Maria - Centro de Pesquisas Florestais.Departamento de Ciências Florestais. Programa de Pós-Graduação em Engenharia Florestal 1991
_o2024-0078
_tCiência Florestal (Brazil)
_x0103-9954; 1980-5098 (on-line)
_gv. 29(1) p. 270-280; (Jan-Mar 2019)
_wBR2023001599
856 _uhttps://www.scielo.br/j/cflo/a/mHKKGtpMb4RsHgX5Y65X7Hq/?format=pdf&lang=pt
942 _cAnalítica
999 _c298850
_d298850